Meilleur entraineur par année UEFA (partie 5) - Statistiques

Statistiques générales
  • Ce quiz a été pris 233 fois
  • Le résultat moyen est 8 sur 16
Statistiques - réponses
Saison Pays Club Entraineur % Correct
2002-2003 Italie AC Milan Carlo Ancelotti
96%
2021-2022 Italie Real Madrid Carlo Ancelotti
96%
2020-2021 Allemagne Chelsea FC Thomas Tuchel
90%
Portugal FC Porto José Mourinho
82%
Portugal FC Porto José Mourinho
82%
1998-1999 Ecosse Manchester United Alex Ferguson
67%
2019-2020 Allemagne Bayern Munich Hansi Flick
60%
2003-2004 Espagne Valence CF Rafael Benitez
52%
2004-2005 Espagne Liverpool FC Rafael Benitez
52%
2005-2006 Pays-Bas FC Barcelone Frank Rijkaard
47%
1997-1998 Italie Juventus FC Marcello Lippi
23%
2000-2001 Allemagne Bayern Munich Ottmar Hitzfeld
5%
2001-2002 Espagne Real Madrid Vicente delBosque
5%
1999-2000 Argentine Valence CF Hector Cuper
2%
Espagne Séville FC Juande Ramos
2%
Russie FK CSKA Moscou Valeri- Gazzaev
0%
Aucun quiz correspondant
Distribution des résultats
% des personnes avec chaque résultat
Percentile par nombre de réponses
Votre historique - résultats
Vous n’avez pas pris ce quiz